El demonio en la botella /

Guardado en:
Autor Principal: Stevenson, Robert Louis
Formato: Libro
Publicado: Buenos Aires : Cantaro, 1998
Series:Colección Del Mirador
Materias:
Etiquetas: Agregar Etiqueta
Sin Etiquetas, Sea el primero en etiquetar este registro!
LEADER 00625nam a22002175a 4500
001 CEM.cems009847
008 130507s1998##################000#0#####d
005 20250428204015.0
245 1 0 |a El demonio en la botella /  |c Robert Louis Stevenson 
260 |a Buenos Aires :  |b Cantaro,  |c 1998 
300 |a 125 p. 
490 0 |a Colección Del Mirador 
505 0 |a Markheim 
020 |a 9507530320 
100 1 |a Stevenson, Robert Louis 
082 0 4 |a 823.8 
653 |a Literatura 
653 |a Literatura escocesa 
653 |a Cuentos 
653 |a Literatura juvenil 
859 |a CEMS  |b BIB. CEMS - 11 de abril  |h 823.8  |i St48-13  |p 25154.08  |t Ej.1